| 000 | 00530nam a22001817a 4500 | ||
|---|---|---|---|
| 005 | 20171122115108.0 | ||
| 010 | _aENG-121539 | ||
| 020 |
_a9789325981263 _c200.00 |
||
| 035 | _aEN-105071 | ||
| 037 | _bDBAD/PUB | ||
| 082 | _a620.19 | ||
| 100 | _aBhavikatti, S.S | ||
| 245 |
_aAdvanced strenght of materials / _cby S.S Bhavikatti |
||
| 260 |
_aNoida _bVikas Publishing House _c2015 |
||
| 270 |
_aE-28, Sector-8, _bNoida(UP) _e201301 |
||
| 300 |
_ax,128p. : _c25cm(pbk) _bill. |
||
| 942 |
_2ddc _cEN _h620.19 _mBHA |
||
| 999 |
_c147638 _d147638 |
||